Villes les plus peuplées de France - Statistiques

Statistiques générales
  • Ce quiz a été pris 654 fois
  • Le résultat moyen est 15 sur 20
Statistiques - réponses
Population Ville % Correct
2 133 111 Paris
100%
873 076 Marseille
99%
522 250 Lyon
98%
236 710 Lille
96%
261 804 Bordeaux
93%
504 078 Toulouse
93%
348 085 Nice
92%
291 313 Strasbourg
90%
323 204 Nantes
89%
225 081 Rennes
86%
302 454 Montpellier
79%
180 452 Toulon
64%
157 477 Grenoble
63%
159 346 Dijon
61%
172 718 Saint-Étienne
61%
179 380 Reims
58%
166 058 Le Havre
57%
157 175 Angers
56%
154 765 Saint-Denis
49%
156 928 Villeurbanne
34%
Aucun quiz correspondant
Distribution des résultats
% des personnes avec chaque résultat
Percentile par nombre de réponses
Votre historique - résultats
Vous n’avez pas pris ce quiz